Normal view
MARC view
Entry Personal Name
001 - CONTROL NUMBER
- control field: 26971
003 - CONTROL NUMBER IDENTIFIER
- control field: ARRUPE
005 - DATE AND TIME OF LATEST TRANSACTION
- control field: 20161025100729.0
008 - FIXED-LENGTH DATA ELEMENTS
- fixed length control field: 161025|| aca||aabn | a|a d
040 ## - CATALOGING SOURCE
- Original cataloging agency: ARRUPE
- Transcribing agency: ARRUPE
100 ## - HEADING--PERSONAL NAME
- Personal name: Banda, Dazydelian L.
670 ## - SOURCE DATA FOUND
- Source citation: Work cat.: (ARRUPE)0: Chipeta, Harry. 26968, The transport and communications sector in Southern Africa /, 1993.